| 000 | 00381nam a22001337a 4500 | ||
|---|---|---|---|
| 040 | _cNUST | ||
| 082 | _a891.4392,TAR | ||
| 100 |
_aTarar, Mustansar Hussain _93135 |
||
| 245 |
_aKalash / کالاش (Urdu) / _cMustansar Hussain Tarar |
||
| 260 |
_aLahore _bSang-e-Meel _c2008 |
||
| 300 | _a352 p.; | ||
| 650 |
_aUrdu Literature _xSafarnamah _9110192 |
||
| 942 |
_2ddc _cBK _k891.4392,TAR |
||
| 999 |
_c593653 _d593653 |
||